Aiwan-e-ghazal / (Record no. 102142)

MARC details
000 -LEADER
fixed length control field 00978nam a22002297a 4500
005 - DATE AND TIME OF LATEST TRANSACTION
control field 20170529103211.0
010 ## - LCCN (DPL NO)
LC control number 1617EN ENG-116454
020 ## - INTERNATIONAL STANDARD BOOK NUMBER
International Standard Book Number 9788123778471
Terms of availability 260.00
035 ## - SYSTEM CONTROL NUMBER
System control number B-648371-379
035 ## - SYSTEM CONTROL NUMBER
System control number EN-99986
035 ## - SYSTEM CONTROL NUMBER
System control number B-664745
037 ## - SOURCE OF ACQUISITION
Source of stock number/acquisition Star
Stock number dpl
082 ## - DEWEY DECIMAL CLASSIFICATION NUMBER
Classification number 891.4393
100 ## - MAIN ENTRY--PERSONAL NAME
Personal name Jeelani Bano
245 ## - TITLE STATEMENT
Title Aiwan-e-ghazal /
Statement of responsibility, etc by Jeelani Bano; translated by Zakia Mashhadi from urdu
260 ## - PUBLICATION, DISTRIBUTION, ETC. (IMPRINT)
Place of publication, distribution, etc New Delhi
Name of publisher, distributor, etc National Book Trust
Date of publication, distribution, etc 2016
270 ## - ADDRESS
Address Nehru Bhawan, 5 Institutional Area, Phase-II, Vasant Kunj,
City New Delhi
Postal code 110070
300 ## - PHYSICAL DESCRIPTION
Extent 359p.
Dimensions 22cm(pbk)
942 ## - ADDED ENTRY ELEMENTS (KOHA)
Source of classification or shelving scheme Dewey Decimal Classification
Item type English Books
Classification part 891.4393
Call number suffix JEE
Holdings
Withdrawn status Lost status Not for loan Collection code Home library Current library Date acquired Source of acquisition Cost, normal purchase price Full call number Barcode Copy number Cost, replacement price Koha item type Public note
      Non-fiction Ashok Vihar Ashok Vihar 16/11/2016 DBAD/PUB 260.00 881 JEE EN-99986 1 260.00 English Books  
      Non-fiction Ashok Vihar Ashok Vihar 29/05/2017 BPPD/EN/2016-17/AV/16-17/471/15.2.2017/SP/2241A/25.2.2017/ 6.3.2017 260.00 891.4393 JEE B-664745 1 260.00 English Books  
      Non-fiction Bawana Bawana 03/04/2017 BPPD/EN/2016-17/305/24.11.2016/SP/2166/7.12.2016/2.1.2017 260.00 891.4393 JEE B-648378 1 260.00 English Books  
      Non-fiction Central Library Central Library 03/04/2017 BPPD/EN/2016-17/305/24.11.2016/SP/2166/7.12.2016/2.1.2017 260.00 891.4393 JEE B-648371 1 260.00 English Books  
Written off     Non-fiction Karol Bagh Karol Bagh 03/04/2017 BPPD/EN/2016-17/305/24.11.2016/SP/2166/7.12.2016/2.1.2017 260.00 891.4393 JEE B-648376 1 260.00 English Books Written off on approval by DLB (By Circulation); dtd 20.12.2022
      Non-fiction Narela Narela 03/04/2017 BPPD/EN/2016-17/305/24.11.2016/SP/2166/7.12.2016/2.1.2017 260.00 891.4393 JEE B-648377 1 260.00 English Books  
      Non-fiction New Police Line New Police Line 03/04/2017 BPPD/EN/2016-17/305/24.11.2016/SP/2166/7.12.2016/2.1.2017 260.00 891.4393 JEE B-648372 1 260.00 English Books  
      Non-fiction Patel Nagar Patel Nagar 03/04/2017 BPPD/EN/2016-17/305/24.11.2016/SP/2166/7.12.2016/2.1.2017 260.00 891.4393 JEE B-648373 1 260.00 English Books  
      Non-fiction R.K.Puram-8 R.K.Puram-8 03/04/2017 BPPD/EN/2016-17/305/24.11.2016/SP/2166/7.12.2016/2.1.2017 260.00 891.4393 JEE B-648375 1 260.00 English Books  
      Non-fiction Sarojini Nagar Sarojini Nagar 03/04/2017 BPPD/EN/2016-17/305/24.11.2016/SP/2166/7.12.2016/2.1.2017 260.00 891.4393 JEE B-648374 1 260.00 English Books  
      Non-fiction Shahdara Branch Shahdara Branch 03/04/2017 BPPD/EN/2016-17/305/24.11.2016/SP/2166/7.12.2016/2.1.2017 260.00 891.4393 JEE B-648379 1 260.00 English Books  

© Delhi Public Library
Hit Counter
free hit counter